000 00703nam a22002177a 4500
005 20150109115916.0
010 _aENG-111527
020 _a9788189923167
_c495.00
035 _aEN-95059
037 _bDBAD/PUB
082 _a000
100 _aMehta, Ashok
245 _aNew light's SBPO State Bank Probationary Officers' exam guide :
_cby Ashok Mehta, B.L.Sadana [and] S.L.Gulati
_bassociate banks and SBI /
250 _a49th ed
260 _aNew Delhi
_bNew Light Publishers
_c2015
270 _aB-8,Rattan Jyoti,18,Rajendra Place
_bNew Delhi
_e110008
300 _avarious pagings
_c28cm(pbk)
700 _aSadana,B.L.
700 _aGulati,S.L.
942 _2ddc
_cEN
_mMEH
_h000
999 _c90596
_d90596